| 000 | 01262nam a22004210a 4500 | ||
|---|---|---|---|
| 001 | PT31368 | ||
| 003 | AR-LpoUNG | ||
| 005 | 20210131233719.0 | ||
| 008 | 191001s2007||||ag |||||||||||||||||spa d | ||
| 020 |
_a9789871246625 _c$8.62 |
||
| 040 |
_aAR-LpoUNG _bspa _cAR-LpoUNG _eaacr |
||
| 041 | _aspa | ||
| 044 | _aag | ||
| 082 | 0 | _a982.063 754gob | |
| 100 | 1 |
_aMonserrat Llairó, María de _ecomp. |
|
| 245 | 1 | 3 |
_aEl gobierno de Arturo Illia y la restauración institucional : _blas relaciones económicas internacionales y la crisis de gobernabilidad : 1963 - 1966 |
| 250 | _a1ra ed. | ||
| 260 |
_aBuenos Aires : _bCooperativas, _c2007. |
||
| 300 |
_a291 p. : _btbls. |
||
| 650 | 4 | _aANALISIS HISTORICO | |
| 650 | 4 | _aARGENTINA | |
| 650 | 4 | _aASPECTOS SOCIALES | |
| 650 | 4 | _aCLASES SOCIALES | |
| 650 | 4 | _aCONDICIONES ECONOMICAS | |
| 650 | 4 | _aCRISIS POLITICA | |
| 650 | 4 | _aECONOMIA | |
| 650 | 4 | _aGOBERNABILIDAD | |
| 650 | 4 | _aHISTORIA POLITICA | |
| 650 | 4 | _aIDENTIDAD CULTURAL | |
| 650 | 4 | _aPOLITICA ECONOMICA | |
| 650 | 4 | _aPOLITICA INTERNACIONAL | |
| 650 | 4 | _aPRODUCCION AGROPECUARIA | |
| 650 | 4 | _aRELACIONES ECONOMICAS INTERNACIONALES | |
| 650 | 4 | _aRELACIONES EXTERIORES | |
| 651 | 4 | _aArgentina | |
| 905 | _a31368 | ||
| 942 | _cLIB | ||
| 999 |
_c22309 _d22309 |
||